Domesticated animals from early times /

Bibliographic Details
Main Author: Clutton-Brock, Juliet
Format: Book
Language:English
Published: Austin : London : University of Texas Press ; British Museum (Natural History), 1981.
Subjects:

MARC

Tag First Indicator Second Indicator Subfields
LEADER 00000cam a2200000 a 4500
001 in00000084159
005 20151008055705.0
008 820219s1981 txuab b f00110 eng
010 |a  80071080  
019 |a 8055235 
020 |a 0292715323 
035 |a (OCoLC)08011481 
035 |9 AAJ4129AM 
039 0 |a 2  |b 3  |c 3  |d 3  |e 3 
040 |a DLC  |c DLC  |d TXA  |d UtOrBLW 
049 |a TXAM  |c [1442655] 
050 0 0 |a SF41  |b .C58 1981 
082 0 |a 636/.009  |2 19 
100 1 |a Clutton-Brock, Juliet. 
245 1 0 |a Domesticated animals from early times /  |c Juliet Clutton-Brock. 
264 1 |a Austin :  |b University of Texas Press ;  |a London :  |b British Museum (Natural History),  |c 1981. 
300 |a 208 pages :  |b illustrations (some color), maps ;  |c 26 cm. 
336 |a text  |b txt  |2 rdacontent 
337 |a unmediated  |b n  |2 rdamedia 
338 |a volume  |b nc  |2 rdacarrier 
500 |a Spine title: Domesticated animals. 
500 |a Illustrations on lining papers. 
500 |a Includes index. 
504 |a Bibliography: pages 200-205. 
650 0 |a Domestic animals  |x History. 
740 0 |a Domesticated animals. 
999 |a MARS 
999 f f |s 8f1d24c4-c315-368b-baed-8b4fe750ea26  |i e0b9516a-852d-3cb1-bf88-cc4a33fdcaca  |t 0 
952 f f |p ric  |a Texas A&M University  |b Rellis Campus  |c Joint Library Facility  |d Remote Storage  |t 0  |e SF41 .C58 1981  |h Library of Congress classification  |i unmediated -- volume  |m A14806237733 
998 f f |a SF41 .C58 1981  |t 0  |l Remote Storage